Дело о найме музыкантов, починке инструментов и прочих издержках по Нотной Конторе

Доступно только в Электронных читальных залах Найти на картеНа карте
RUSMARC
00003614nmc2a22000003x 450
001a24e1923-fc01-44e1-832e-979d8becd811
00520181005013151.0
100##$a20161215l18151816k l0rusy0189 ca
1010#$arus
102##$aRU
2001#$aДело о найме музыкантов, починке инструментов и прочих издержках по Нотной Конторе
$j31 декабря 1815 г. - 18 декабря 1816 г.
251##$cДело
300##$aДело
801#0$aRU
$bРГИА
$c20161215
$gRCR
801#1$aRU
$bГлавНИВЦ
$c20161215
$2rusmarc
801#2$aRU
$bПБ им. Б.Н. Ельцина
$c20181005
$gRCR
$2rusmarc
850##$aРГИА
852##$aРГИА
$eФедеральное казенное учреждение "Российский государственный исторический архив" (РГИА)
$j1514
937##$hРГИА
$d12236348
$aASBIBLIO_SCAN
462#0$1001dd3991dc-24e1-42ec-8838-ca4255420416
$12001
$a1746-1850 гг.
$1251
$cОпись
$1852
$j1
461#0$10019264ebf8-de62-4f1a-9eb4-9f22098dbbd5
$12001
$aДирекция императорских театров МИДв
$1251
$cФонд
$1852
$j497
215##$a73 л.
$d36,5х26 см
371##$aДокумент не является опубликованным и широко распространяемым
105##$ay###
1222#$ad
035##$aa24e1923-fc01-44e1-832e-979d8becd811
856##$uhttp://readingroom.main.prlib.ru/item.aspx?id_node=n118924794&mode=full
Формат отображения